000 00358nam a22001337a 4500
003 SGT
020 _a9789381054024
082 _a891.4309
_bD17H
100 _aहरिवंश
245 _aदिल से मैंने दुनिया देखी
260 _b नीलकमल प्रकाशन
_c2017
300 _a169
942 _2ddc
_cBK
999 _c31408
_d31408